[Event "HUN-chT2 Szechenyi 2324"]
[Site "Hungary"]
[Date "2024.04.21"]
[Round "8.10"]
[White "Gal, Cintia"]
[Black "Vincze, Otto"]
[Result "1-0"]
[WhiteElo "1804"]
[BlackElo "1810"]
[PlyCount "77"]
[EventDate "2023.10.08"]
[EventType "team-tourn"]
[EventRounds "9"]
[EventCountry "HUN"]
[SourceTitle "EXT 2025"]
[Source "ChessBase"]
[SourceDate "2024.10.14"]
[SourceVersion "1"]
[SourceVersionDate "2024.10.14"]
[SourceQuality "1"]
[WhiteTeam "Sarvar"]
[BlackTeam "Ajka ASSE"]
[WhiteTeamCountry "HUN"]
[BlackTeamCountry "HUN"]

1. e4 c6 2. d4 d5 3. e5 Bf5 4. c3 e6 5. Nf3 Qb6 6. Bd3 Bxd3 7. Qxd3 c5 8. 0-0 c4 9. Qe2 Nd7 10. Be3 Ne7 11. Ng5 h6 12. Nh3 Nc6 13. f4 0-0-0 14. Qc2 Be7 15. b3 cxb3 16. axb3 Kb8 17. Nd2 Rc8 18. Qd3 a6 19. Rfb1 Qc7 20. c4 Nb4 21. Qc3 a5 22. Nf2 g5 23. Nd3 b6 24. c5 bxc5 25. dxc5 gxf4 26. Nxb4 axb4 27. Qxb4+ Nb6 28. cxb6 Bxb4 29. bxc7+ Rxc7 30. Bxf4 Rc2 31. Nf1 Rg8 32. g3 d4 33. Bxh6 Rh8 34. Bf4 d3 35. Ra4 Bc5+ 36. Kh1 Rc8 37. Ne3 Re2 38. Nc4 Rd8 39. Rd1 1-0

[Event "HUN-chT2 Szechenyi 2324"]
[Site "Hungary"]
[Date "2024.02.18"]
[Round "4.10"]
[White "Vincze, Otto"]
[Black "Bedi, Bence"]
[Result "1-0"]
[WhiteElo "1692"]
[BlackElo "1454"]
[PlyCount "105"]
[EventDate "2023.10.08"]
[EventType "team-tourn"]
[EventRounds "9"]
[EventCountry "HUN"]
[SourceTitle "EXT 2025"]
[Source "ChessBase"]
[SourceDate "2024.10.14"]
[SourceVersion "1"]
[SourceVersionDate "2024.10.14"]
[SourceQuality "1"]
[WhiteTeam "Ajka ASSE"]
[BlackTeam "Csuti Baki Agrocentrum"]
[WhiteTeamCountry "HUN"]
[BlackTeamCountry "HUN"]

1. e4 e6 2. d4 d5 3. Nd2 c5 4. c3 Nc6 5. Ngf3 Bd6 6. e5 Bc7 7. Bd3 Nge7 8. 0-0 0-0 9. Bxh7+ Kh8 10. Bb1 g6 11. Re1 b6 12. Nf1 Kg7 13. Bg5 Rg8 14. Bf6+ Kf8 15. Qd2 Ke8 16. Qh6 Kd7 17. Ng5 Qe8 18. Ne3 Bd8 19. Qh7 Rf8 20. Qh3 Kc7 21. dxc5 bxc5 22. Qg4 Rb8 23. b3 Kb7 24. Bd3 Ka8 25. Reb1 Ba5 26. Rc1 Bc7 27. Nf3 Qd7 28. Nd1 d4 29. Be4 Bb7 30. Bxe7 Qxe7 31. Bxc6 Bxc6 32. cxd4 Bxf3 33. Qxf3+ Rb7 34. Rxc5 Bb6 35. Rc4 Rd8 36. Rac1 Kb8 37. Qc3 Rc7 38. Rxc7 Bxc7 39. Ne3 Bb6 40. Nc2 Qh4 41. Rd1 f6 42. exf6 Qxf6 43. Qf3 Qxf3 44. gxf3 Rd5 45. f4 Rf5 46. Re1 Rxf4 47. Rxe6 Bxd4 48. Nxd4 Rxd4 49. Rxg6 Rd2 50. a4 Rd3 51. Rg3 Rd6 52. h4 a5 53. Rg5 1-0

[Event "HUN-chT2 Szechenyi 2223"]
[Site "Hungary"]
[Date "2023.04.23"]
[Round "9.9"]
[White "Deak, Laszlo"]
[Black "Vincze, Otto"]
[Result "1/2-1/2"]
[WhiteElo "1752"]
[BlackElo "1705"]
[PlyCount "32"]
[EventDate "2022.11.20"]
[EventType "team-tourn"]
[EventRounds "9"]
[EventCountry "HUN"]
[SourceTitle "EXT 2025"]
[Source "ChessBase"]
[SourceDate "2024.10.14"]
[SourceVersion "1"]
[SourceVersionDate "2024.10.14"]
[SourceQuality "1"]
[WhiteTeam "Csuti Baki Agrocentrum"]
[BlackTeam "Sentimento Ajka BSK III"]
[WhiteTeamCountry "HUN"]
[BlackTeamCountry "HUN"]

1. e4 c6 2. d4 d5 3. exd5 cxd5 4. Bd3 Nc6 5. c3 Nf6 6. Bf4 Bg4 7. Qb3 Qd7 8. Nd2 e6 9. Ngf3 Bxf3 10. Nxf3 a6 11. 0-0 Be7 12. Rfe1 0-0 13. Rad1 Rfc8 14. Bb1 g6 15. h3 b5 16. a3 Na5 1/2-1/2

[Event "HUN-chT2 Szechenyi 2223"]
[Site "Hungary"]
[Date "2023.02.12"]
[Round "5.8"]
[White "Vincze, Otto"]
[Black "Szunyogh, Istvan"]
[Result "1/2-1/2"]
[WhiteElo "1729"]
[BlackElo "1820"]
[PlyCount "81"]
[EventDate "2022.11.20"]
[EventType "team-tourn"]
[EventRounds "9"]
[EventCountry "HUN"]
[SourceTitle "EXT 2025"]
[Source "ChessBase"]
[SourceDate "2024.10.14"]
[SourceVersion "1"]
[SourceVersionDate "2024.10.14"]
[SourceQuality "1"]
[WhiteTeam "Sentimento Ajka BSK III"]
[BlackTeam "Ezust Huszar"]
[WhiteTeamCountry "HUN"]
[BlackTeamCountry "HUN"]

1. e4 e6 2. d4 d5 3. e5 c5 4. c3 Qb6 5. Nf3 Nc6 6. Be2 cxd4 7. cxd4 Bb4+ 8. Nc3 Bd7 9. 0-0 Bxc3 10. bxc3 Na5 11. Ba3 Bb5 12. Rb1 Bxe2 13. Qxe2 Qc6 14. Rfc1 Nc4 15. Bd6 b6 16. Qc2 Nxd6 17. exd6 f6 18. Re1 Qxd6 19. Qa4+ Kf7 20. Rbc1 Ne7 21. c4 Rhc8 22. cxd5 Qxd5 23. Rxc8 Nxc8 24. Rc1 Ne7 25. Rc7 Rc8 26. Rxc8 Nxc8 27. Qa6 Qd7 28. h4 Nd6 29. Qd3 g6 30. h5 b5 31. Ne5+ fxe5 32. dxe5 Ke7 33. hxg6 hxg6 34. exd6+ Qxd6 35. Qxg6 Qc5 36. g4 b4 37. g5 Qd4 38. Qh7+ Kd6 39. g6 Qg4+ 40. Kf1 Qd1+ 41. Kg2 1/2-1/2

[Event "HUN-chT2 Szechenyi 2223"]
[Site "Hungary"]
[Date "2022.12.18"]
[Round "3.9"]
[White "Vincze, Otto"]
[Black "Gonczol, Gabor"]
[Result "0-1"]
[WhiteElo "1730"]
[BlackElo "1938"]
[PlyCount "122"]
[EventDate "2022.11.20"]
[EventType "team-tourn"]
[EventRounds "9"]
[EventCountry "HUN"]
[SourceTitle "EXT 2025"]
[Source "ChessBase"]
[SourceDate "2024.10.14"]
[SourceVersion "1"]
[SourceVersionDate "2024.10.14"]
[SourceQuality "1"]
[WhiteTeam "Sentimento Ajka BSK III"]
[BlackTeam "Kisber Aszar"]
[WhiteTeamCountry "HUN"]
[BlackTeamCountry "HUN"]

1. e4 c5 2. c3 d5 3. exd5 Qxd5 4. d4 cxd4 5. cxd4 Nc6 6. Nf3 e5 7. Nc3 Bb4 8. Bd2 Bxc3 9. Bxc3 e4 10. Nd2 Nf6 11. Nc4 0-0 12. Ne3 Qd6 13. Bc4 Rd8 14. Qb3 Qc7 15. Rd1 a6 16. d5 Na5 17. Bxa5 Qxa5+ 18. Qc3 Qxc3+ 19. bxc3 b5 20. Bb3 a5 21. a4 Rb8 22. 0-0 bxa4 23. Bxa4 Ba6 24. Rfe1 Bd3 25. c4 Rb4 26. Bb5 a4 27. Ra1 Ra8 28. d6 a3 29. Bc6 Ra7 30. c5 a2 31. f3 Rb1 32. Kf2 Rxe1 33. Kxe1 exf3 34. gxf3 Kf8 35. Nd5 Nxd5 36. Bxd5 Bb1 37. c6 Ke8 38. c7 Kd7 39. Bc6+ Kc8 40. Be4 Bxe4 41. fxe4 f6 42. Rc1 Ra8 43. Ra1 Kd7 44. Kf1 Kxd6 45. Rxa2 Rc8 46. Kf2 Rxc7 47. Ke3 Ke5 48. Ra5+ Ke6 49. Ra2 Rc3+ 50. Kd4 Rb3 51. Ra6+ Kf7 52. Ra2 g5 53. Rf2 Kg6 54. e5 fxe5+ 55. Kxe5 Re3+ 56. Kd4 Re8 57. Kd3 Kh5 58. Rf7 h6 59. Rf6 g4 60. Rf2 Kh4 61. Rb2 Kh3 0-1

[Event "HUN-chT2 Szechenyi 2122"]
[Site "Hungary"]
[Date "2021.10.10"]
[Round "1.11"]
[White "Vincze, Otto"]
[Black "Szalay, Istvan"]
[Result "1/2-1/2"]
[WhiteElo "1753"]
[BlackElo "1492"]
[PlyCount "41"]
[EventDate "2021.10.10"]
[EventType "team-tourn"]
[EventRounds "9"]
[EventCountry "HUN"]
[SourceTitle "EXT 2025"]
[Source "ChessBase"]
[SourceDate "2024.10.14"]
[SourceVersion "1"]
[SourceVersionDate "2024.10.14"]
[SourceQuality "1"]
[WhiteTeam "Sentimento Ajka BSK"]
[BlackTeam "Arboretum Hereny KSE"]
[WhiteTeamCountry "HUN"]
[BlackTeamCountry "HUN"]

1. e4 e5 2. Nf3 Nc6 3. Bc4 Bc5 4. c3 d6 5. d4 exd4 6. cxd4 Bb4+ 7. Bd2 Bxd2+ 8. Qxd2 h6 9. 0-0 Nge7 10. Nc3 a6 11. a4 0-0 12. Rad1 Bg4 13. Qf4 Bd7 14. Qg3 Kh8 15. Nh4 Nb4 16. Rfe1 Nec6 17. Rd2 Qg5 18. Nf3 Qxg3 19. hxg3 Na5 20. Bf1 Rad8 21. Kh2 1/2-1/2

[Event "HUN-chT2 Szechenyi 1617"]
[Site "Hungary"]
[Date "2017.01.29"]
[Round "7.11"]
[White "Domonkos, David"]
[Black "Vincze, Otto"]
[Result "1/2-1/2"]
[WhiteElo "1617"]
[BlackElo "1734"]
[PlyCount "61"]
[EventDate "2016.09.25"]
[EventType "team-tourn"]
[EventRounds "11"]
[EventCountry "HUN"]
[SourceTitle "EXT 2021"]
[Source "ChessBase"]
[SourceDate "2020.10.23"]
[SourceVersion "1"]
[SourceVersionDate "2020.10.23"]
[SourceQuality "1"]
[WhiteTeam "Veszprem Ezust Huszar"]
[BlackTeam "Ajka Banyasz"]
[WhiteTeamCountry "HUN"]
[BlackTeamCountry "HUN"]

1. d4 Nf6 2. c4 g6 3. Nc3 Bg7 4. Nf3 d6 5. e3 0-0 6. Be2 Nbd7 7. 0-0 c6 8. b4 c5 9. a3 b6 10. Bb2 Bb7 11. d5 a6 12. Qc2 Qc7 13. b5 a5 14. a4 Rfe8 15. Rad1 Nf8 16. e4 e5 17. Bc1 h6 18. Be3 Qe7 19. Qd2 Ng4 20. h3 Nxe3 21. Qxe3 Kh7 22. g3 Nd7 23. g4 Rf8 24. Kh2 Rg8 25. Rg1 g5 26. Ne1 Nf8 27. Nd3 Ng6 28. Nb1 Rae8 29. Nd2 Bc8 30. Nf1 Nf4 31. Ng3 1/2-1/2

[Event "HUN-chT2 Szechenyi 1516"]
[Site "Hungary"]
[Date "2016.04.03"]
[Round "10.11"]
[White "Juhasz, Judit"]
[Black "Vincze, Otto"]
[Result "1-0"]
[WhiteElo "1590"]
[BlackElo "1775"]
[PlyCount "109"]
[EventDate "2015.09.13"]
[EventType "team-tourn"]
[EventRounds "11"]
[EventCountry "HUN"]
[SourceTitle "EXT 2017"]
[Source "ChessBase"]
[SourceDate "2016.10.25"]
[SourceVersion "1"]
[SourceVersionDate "2016.10.25"]
[SourceQuality "1"]
[WhiteTeam "Tapolca Kolcsey"]
[BlackTeam "Ajka Banyasz"]
[WhiteTeamCountry "HUN"]
[BlackTeamCountry "HUN"]

1. e4 c6 2. d4 d5 3. e5 Bf5 4. Nf3 e6 5. Be2 c5 6. c3 Nc6 7. 0-0 Nge7 8. Bg5 Qb6 9. Qd2 cxd4 10. cxd4 Bxb1 11. Raxb1 Nf5 12. Rfd1 h6 13. Be3 Be7 14. a3 0-0 15. b4 Rfc8 16. Bd3 Nxe3 17. Qxe3 Qd8 18. Qf4 Nb8 19. Rbc1 Nd7 20. Qg3 a5 21. Rb1 axb4 22. axb4 Ra3 23. Ne1 Rac3 24. b5 Qb6 25. Kh1 Nf8 26. f4 Ng6 27. Qf2 Bf8 28. Qf1 Be7 29. f5 exf5 30. Bxf5 Ra8 31. e6 Nh8 32. Qe2 f6 33. Nd3 Qd8 34. Nc5 b6 35. Nd7 g6 36. Bg4 Kg7 37. Bf3 Raa3 38. Bxd5 Re3 39. Qf2 g5 40. Bc4 Ng6 41. d5 Bd6 42. Re1 Rec3 43. Rbc1 Nf4 44. Qxb6 Qe7 45. Nxf6 Rxc1 46. Ne8+ Qxe8 47. Rxc1 Qe7 48. Qd4+ Qf6 49. Qxf6+ Kxf6 50. b6 Ra8 51. g3 Nxd5 52. Bxd5 Rb8 53. b7 Ke5 54. Rc8 Kxd5 55. Rxb8 1-0

[Event "HUN-chT2 Szechenyi 1314"]
[Site "Hungary"]
[Date "2013.09.22"]
[Round "2.11"]
[White "Horvath, Soma"]
[Black "Vincze, Otto"]
[Result "1/2-1/2"]
[WhiteElo "1443"]
[BlackElo "1886"]
[PlyCount "86"]
[EventDate "2013.09.08"]
[EventType "team-tourn"]
[EventRounds "11"]
[EventCountry "HUN"]
[SourceTitle "EXT 2016"]
[Source "ChessBase"]
[SourceDate "2015.10.08"]
[SourceVersion "1"]
[SourceVersionDate "2015.10.08"]
[SourceQuality "1"]
[WhiteTeam "Szombathely Haladas III"]
[BlackTeam "Ajka Banyasz"]
[WhiteTeamCountry "HUN"]
[BlackTeamCountry "HUN"]

1. e4 c6 2. d4 d5 3. exd5 cxd5 4. Bd3 Nf6 5. c3 Nc6 6. Bf4 Bg4 7. Nf3 e6 8. Nbd2 Be7 9. 0-0 0-0 10. Qb3 Qd7 11. Rfe1 a6 12. Qc2 g6 13. h3 Bxf3 14. Nxf3 Rac8 15. a3 Nh5 16. Bh2 Bf6 17. Qd2 Bg7 18. Ne5 Bxe5 19. Bxe5 f6 20. Bh2 Rce8 21. Re2 e5 22. dxe5 fxe5 23. Bc4 Nf6 24. Rd1 dxc4 25. Qxd7 Nxd7 26. Rxd7 Rf7 27. Rd5 Rfe7 28. Rc5 Kf7 29. Rxc4 Rd8 30. Bg3 Rd1+ 31. Kh2 Kf6 32. Rce4 Rdd7 33. R4e3 g5 34. h4 h6 35. Re4 Kf5 36. f3 Kf6 37. Kg1 Kf5 38. Kf2 Kf6 39. hxg5+ hxg5 40. Bh2 Rd1 41. Re1 Rd2+ 42. R4e2 Rd3 43. Bg3 Kf5 1/2-1/2

[Event "Balatonalmadi Pannonia Cup 18th"]
[Site "Balatonalmadi"]
[Date "2013.07.24"]
[Round "1"]
[White "Van Es, Gerard"]
[Black "Vincze, Otto"]
[Result "1/2-1/2"]
[WhiteElo "2213"]
[BlackElo "1889"]
[PlyCount "106"]
[EventDate "2013.07.24"]
[EventType "swiss"]
[EventRounds "7"]
[EventCountry "HUN"]
[SourceTitle "EXT 2016"]
[Source "ChessBase"]
[SourceDate "2015.10.08"]
[SourceVersion "1"]
[SourceVersionDate "2015.10.08"]
[SourceQuality "1"]

1. Nf3 Nf6 2. g3 d6 3. d4 g6 4. Bg2 Bg7 5. c4 0-0 6. 0-0 c6 7. Nc3 Nbd7 8. e4 e5 9. d5 c5 10. a3 a5 11. Ne1 Nb6 12. Qe2 Bd7 13. a4 Ne8 14. Kh1 f5 15. Bh3 fxe4 16. Bxd7 Qxd7 17. Ng2 Nf6 18. b3 Qh3 19. Ne3 Bh6 20. Bd2 Rf7 21. Ncd1 Raf8 22. Bxa5 Nc8 23. Rg1 Bxe3 24. Nxe3 h5 25. Qf1 Qd7 26. Qg2 Ng4 27. Nxg4 Qxg4 28. Rgf1 Rf3 29. Rab1 Qf5 30. Kg1 Rd3 31. Rb2 g5 32. Re1 Rf3 33. Re3 Rxe3 34. fxe3 Qg4 35. Re2 Rf3 36. Be1 Ne7 37. h3 Qf5 38. Bf2 g4 39. h4 Qf8 40. Qf1 Nf5 41. Qe1 Qh6 42. Kg2 Qf6 43. Qa5 Nxe3+ 44. Bxe3 Rxg3+ 45. Kh2 Rxe3 46. Qa8+ Kg7 47. Qxb7+ Kg6 48. Rxe3 Qf2+ 49. Kh1 Qxe3 50. Qe7 Qf3+ 51. Kg1 g3 52. Qe6+ Kg7 53. Qe7+ Kg8 1/2-1/2

[Event "HUN-chT2 Szechenyi 1213"]
[Site "Hungary"]
[Date "2013.04.07"]
[Round "10.9"]
[White "Abert, Gyula"]
[Black "Vincze, Otto"]
[Result "0-1"]
[WhiteElo "1702"]
[BlackElo "1877"]
[PlyCount "64"]
[EventDate "2012.09.16"]
[EventType "team-tourn"]
[EventRounds "11"]
[EventCountry "HUN"]
[SourceTitle "EXT 2014"]
[Source "ChessBase"]
[SourceDate "2013.11.20"]
[SourceVersion "1"]
[SourceVersionDate "2013.11.20"]
[SourceQuality "1"]
[WhiteTeam "Arboretum"]
[BlackTeam "Ajka Banyasz"]
[WhiteTeamCountry "HUN"]
[BlackTeamCountry "HUN"]

1. e4 c6 2. Nc3 d5 3. exd5 cxd5 4. d4 Nf6 5. Nf3 Bg4 6. Be2 e6 7. Ne5 Bxe2 8. Qxe2 a6 9. 0-0 Be7 10. Bg5 0-0 11. a3 Qb6 12. Rab1 Qxd4 13. Rfd1 Qa7 14. Na4 b5 15. Be3 Qc7 16. Nb6 Qxe5 17. Nxa8 Nc6 18. Nb6 Bc5 19. Re1 d4 20. Nc4 bxc4 21. Qxc4 dxe3 22. f3 Nd4 23. b4 Bd6 24. g3 Nxf3+ 25. Kg2 Nxe1+ 26. Rxe1 Nd5 27. Qd3 Rc8 28. c4 Nf4+ 29. gxf4 Qxf4 30. c5 Qxh2+ 31. Kf3 Qf2+ 32. Kg4 Qf4+ 0-1

[Event "HUN-chT2 Szechenyi 1112"]
[Site "Hungary"]
[Date "2012.05.06"]
[Round "10.9"]
[White "Metal, Imre"]
[Black "Vincze, Otto"]
[Result "1/2-1/2"]
[WhiteElo "1846"]
[BlackElo "1906"]
[PlyCount "25"]
[EventDate "2011.09.25"]
[EventType "team-tourn"]
[EventRounds "11"]
[EventCountry "HUN"]
[SourceTitle "EXT 2013"]
[Source "ChessBase"]
[SourceDate "2012.11.22"]
[SourceVersion "1"]
[SourceVersionDate "2012.11.22"]
[SourceQuality "1"]
[WhiteTeam "Zala Volan"]
[BlackTeam "Ajka Banyasz"]
[WhiteTeamCountry "HUN"]
[BlackTeamCountry "HUN"]

1. c4 Nf6 2. d4 d6 3. Nc3 g6 4. e4 Bg7 5. Nf3 0-0 6. Be2 Nc6 7. 0-0 e5 8. d5 Ne7 9. h3 Ne8 10. Kh2 f5 11. exf5 Bxf5 12. Bd3 Bd7 13. Bg5 1/2-1/2

[Event "HUN-chT2 Szechenyi 1011"]
[Site "Hungary"]
[Date "2011.05.15"]
[Round "11.9"]
[White "Szabo, Krisztian"]
[Black "Vincze, Otto"]
[Result "0-1"]
[WhiteElo "2517"]
[BlackElo "1948"]
[PlyCount "129"]
[EventDate "2010.09.12"]
[EventType "team-tourn"]
[EventRounds "11"]
[EventCountry "HUN"]
[SourceTitle "EXT 2012"]
[Source "ChessBase"]
[SourceDate "2011.11.24"]
[SourceVersion "1"]
[SourceVersionDate "2011.11.24"]
[SourceQuality "1"]
[WhiteTeam "Baki Agrocentrum"]
[BlackTeam "Ajka Banyasz"]
[WhiteTeamCountry "HUN"]
[BlackTeamCountry "HUN"]

1. e4 c6 2. d4 d5 3. e5 Bf5 4. Nf3 e6 5. Bd3 Bxd3 6. Qxd3 Qa5+ 7. c3 Qa6 8. Qxa6 Nxa6 9. 0-0 c5 10. Be3 b6 11. Nbd2 Ne7 12. a3 Nf5 13. Rae1 Be7 14. h3 0-0 15. g4 Nxe3 16. Rxe3 c4 17. Ree1 Nc7 18. Nh2 b5 19. f4 a5 20. Ra1 b4 21. axb4 axb4 22. Rab1 Nb5 23. Rf3 Ra2 24. Ndf1 Rfa8 25. Re3 Kf8 26. Nf3 Ra1 27. Rxa1 Rxa1 28. cxb4 Bxb4 29. Re2 Rd1 30. f5 Nxd4 31. Nxd4 Rxd4 32. fxe6 fxe6 33. Ng3 Bc5 34. Kg2 Rd1 35. Nh5 Bd4 36. Nf4 Kf7 37. h4 Rb1 38. b4 Rxb4 39. Kg3 Rb3+ 40. Kg2 Rb2 41. Rxb2 Bxb2 42. Ne2 Bxe5 43. Kf3 Ke7 44. Ke3 Kd6 45. Kd2 d4 46. g5 Kd5 47. h5 Ke4 48. g6 hxg6 49. hxg6 c3+ 50. Kd1 d3 51. Nc1 Bf4 52. Nb3 c2+ 53. Ke1 c1Q+ 54. Nxc1 Bxc1 55. Kd1 d2 56. Ke2 e5 57. Kd1 Ke3 58. Kc2 Ke2 59. Kc3 d1Q 60. Kc4 Qd6 61. Kc3 Qc5+ 62. Kb3 Kd3 63. Ka4 Bd2 64. Kb3 Qb4+ 65. Ka2 0-1

[Event "HUN-chT2 Szechenyi 1011"]
[Site "Hungary"]
[Date "2011.04.17"]
[Round "9.9"]
[White "Havasi, Jozsef"]
[Black "Vincze, Otto"]
[Result "1-0"]
[WhiteElo "1831"]
[BlackElo "1948"]
[PlyCount "71"]
[EventDate "2010.09.12"]
[EventType "team-tourn"]
[EventRounds "11"]
[EventCountry "HUN"]
[SourceTitle "EXT 2012"]
[Source "ChessBase"]
[SourceDate "2011.11.24"]
[SourceVersion "1"]
[SourceVersionDate "2011.11.24"]
[SourceQuality "1"]
[WhiteTeam "Sarvar"]
[BlackTeam "Ajka Banyasz"]
[WhiteTeamCountry "HUN"]
[BlackTeamCountry "HUN"]

1. e4 c6 2. f4 d5 3. e5 c5 4. Bb5+ Bd7 5. Bxd7+ Qxd7 6. Nf3 Nc6 7. 0-0 e6 8. c3 0-0-0 9. d4 cxd4 10. cxd4 Kb8 11. a3 h5 12. b4 Rc8 13. Bd2 Nh6 14. Nc3 Nf5 15. Ne2 Be7 16. Qb3 Bd8 17. a4 Bb6 18. Qd3 Qe7 19. Rfb1 Ka8 20. a5 Bc7 21. b5 Nd8 22. Bb4 Qd7 23. Bc5 Bb8 24. Nc3 Nd6 25. Bxd6 Bxd6 26. exd6 Qxd6 27. g3 f6 28. Na4 Nf7 29. Nc5 g5 30. Re1 Rce8 31. Qg6 Nd8 32. Qxf6 gxf4 33. Qxf4 Qe7 34. Qh4 Qg7 35. Re5 Qg6 36. Rae1 1-0

[Event "HUN-chT2 Szechenyi 0910"]
[Site "Hungary"]
[Date "2010.04.18"]
[Round "10.8"]
[White "Vincze, Otto"]
[Black "Bodocs, Richard"]
[Result "1-0"]
[WhiteElo "1946"]
[BlackElo "1631"]
[PlyCount "111"]
[EventDate "2009.11.08"]
[EventType "team-tourn"]
[EventRounds "11"]
[EventCountry "HUN"]
[SourceTitle "EXT 2011"]
[Source "ChessBase"]
[SourceDate "2010.11.26"]
[SourceVersion "1"]
[SourceVersionDate "2010.11.26"]
[SourceQuality "1"]
[WhiteTeam "Ajka Banyasz"]
[BlackTeam "Baki Agrocentrum"]
[WhiteTeamCountry "HUN"]
[BlackTeamCountry "HUN"]

1. e4 c5 2. c3 d6 3. d4 cxd4 4. cxd4 Nf6 5. Nc3 g6 6. Nf3 Bg7 7. Be2 0-0 8. 0-0 a6 9. a4 b6 10. h3 Bb7 11. Bd3 Nbd7 12. Bf4 Qc7 13. Rc1 Qd8 14. Qe2 Nh5 15. Bh2 e5 16. dxe5 Nxe5 17. Rfd1 Qe7 18. Bb1 Nf6 19. Ne1 Nfd7 20. f4 Nc6 21. Nf3 Nb4 22. Qd2 Nc5 23. Qxd6 Qd8 24. e5 Qxd6 25. Rxd6 Bxf3 26. gxf3 Rab8 27. Ne4 Nxa4 28. b3 Rbc8 29. Rxc8 Rxc8 30. Nf6+ Bxf6 31. exf6 Nc5 32. Be4 Nxe4 33. fxe4 b5 34. Bg3 Rc1+ 35. Kg2 h6 36. Rd8+ Kh7 37. Rf8 Rc7 38. Be1 Nd3 39. Ba5 Rd7 40. Kf3 Nc5 41. b4 Ne6 42. Re8 g5 43. f5 Nd4+ 44. Kf2 Nc6 45. Ke3 Nd4 46. Re7 Rd6 47. Rxf7+ Kg8 48. Rg7+ Kf8 49. Rg6 Nc2+ 50. Kf2 Rd2+ 51. Kf1 Ne3+ 52. Ke1 Rc2 53. Bb6 Ng2+ 54. Kd1 Rc6 55. Bc5+ Kf7 56. Rg7+ 1-0

[Event "Ajka Borostyan Cup"]
[Site "Ajka"]
[Date "2009.07.14"]
[Round "4"]
[White "Vincze, Otto"]
[Black "Majeric, Zoran"]
[Result "0-1"]
[WhiteElo "1965"]
[BlackElo "2257"]
[PlyCount "90"]
[EventDate "2009.07.11"]
[EventType "swiss"]
[EventRounds "9"]
[EventCountry "HUN"]
[SourceTitle "EXT 2011"]
[Source "ChessBase"]
[SourceDate "2010.11.26"]
[SourceVersion "1"]
[SourceVersionDate "2010.11.26"]
[SourceQuality "1"]

1. e4 c5 2. c3 Nf6 3. e5 Nd5 4. d4 cxd4 5. cxd4 e6 6. Nf3 d6 7. Bd3 Nd7 8. 0-0 dxe5 9. dxe5 Be7 10. Nbd2 Nc5 11. Bb5+ Bd7 12. Bxd7+ Qxd7 13. Nb3 Nxb3 14. Qxb3 0-0 15. Bg5 Rfc8 16. Bxe7 Qxe7 17. Rac1 h6 18. a3 Qd7 19. g3 Rc7 20. Rxc7 Qxc7 21. Re1 Rc8 22. Nd4 a6 23. Qd3 b5 24. Re2 Qc1+ 25. Kg2 Rc4 26. Qd2 g5 27. Qxc1 Rxc1 28. Rc2 Re1 29. Nc6 Kg7 30. Nb8 a5 31. Nc6 b4 32. Nxa5 bxa3 33. bxa3 Rxe5 34. Nc4 Re1 35. a4 Ra1 36. a5 Ra4 37. Kf3 f5 38. Ke2 Kf6 39. Kd2 Nb4 40. Rb2 Nc6 41. Kd3 Nxa5 42. Nxa5 Rxa5 43. f3 Ra1 44. h4 gxh4 45. gxh4 Ra4 0-1